[Event "4NCL/Div2/KHE vs. GUI2"]
[Site "Telford ENG"]
[Date "2003.01.19"]
[Round "4.5"]
[White "O'Shaughnessy, Conor"]
[Black "Richardson, Keith B"]
[Result "1/2-1/2"]
[WhiteElo "2207"]
[BlackElo "2141"]
[PlyCount "61"]
[EventDate "2003.01.19"]

1. e4 g6 2. d4 Bg7 3. Nc3 d6 4. f4 Nc6 5. Be3 Nf6 6. Nf3 O-O 7. h3 a6 8. Qd2 b5
9. e5 dxe5 10. dxe5 Qxd2+ 11. Kxd2 b4 12. Ne2 Nd5 13. Ned4 Nxd4 14. Nxd4 Bb7
15. Rg1 Rfd8 16. Bd3 Nxf4 17. Bxf4 Rxd4 18. g3 Rad8 19. Ke3 c5 20. b3 R4d5 21.
Bc4 Bxe5 22. Bxd5 Bxa1 23. Bxf7+ Kxf7 24. Rxa1 Rd5 25. h4 h5 26. a3 Ke6 27.
axb4 cxb4 28. Ra4 Rb5 29. Bc7 Rc5 30. Bf4 Rb5 31. Bc7 1/2-1/2

[Event "4NCL/Div2/KHE vs. GUI2"]
[Site "Telford ENG"]
[Date "2003.01.19"]
[Round "4.6"]
[White "Norman, Kenneth I"]
[Black "Mackenzie, Colin"]
[Result "1-0"]
[WhiteElo "2141"]
[BlackElo "2155"]
[PlyCount "57"]
[EventDate "2003.01.19"]

1. Nf3 e6 2. g3 Nf6 3. Bg2 c5 4. c4 Nc6 5. O-O Be7 6. Nc3 d5 7. cxd5 exd5 8. d4
O-O 9. Bg5 Re8 10. Rc1 c4 11. Ne5 Be6 12. Nxc6 bxc6 13. Na4 Rb8 14. e3 Qa5 15.
Bxf6 Bxf6 16. b3 Be7 17. bxc4 dxc4 18. Bxc6 Rec8 19. d5 Rxc6 20. dxc6 Rd8 21.
Qc2 Rd2 22. Qe4 Qxa4 23. c7 Qd7 24. Rxc4 Bxc4 25. Qxc4 Qc8 26. Rb1 Rd8 27.
cxd8=Q+ Qxd8 28. Rb7 g6 29. Rxa7 1-0

[Event "4NCL/Div2/KHE vs. GUI2"]
[Site "Telford ENG"]
[Date "2003.01.19"]
[Round "4.7"]
[White "Cawte, Paul S"]
[Black "Anderton, Matthew N"]
[Result "0-1"]
[WhiteElo "2120"]
[BlackElo "2208"]
[PlyCount "123"]
[EventDate "2003.01.19"]

1. d4 Nf6 2. Nf3 c5 3. g3 g6 4. Bg2 Bg7 5. O-O O-O 6. c4 cxd4 7. Nxd4 Nc6 8.
Nc3 d6 9. Nxc6 bxc6 10. Bxc6 Bh3 11. Bg2 Bxg2 12. Kxg2 Qc7 13. Qd3 Rfc8 14. Nd5
Nxd5 15. cxd5 Qc2 16. Qe3 Rc7 17. a4 Rb8 18. Re1 Rb3 19. Qf4 Be5 20. Qh6 Qe4+
21. Kg1 Qxd5 22. Qg5 Qe4 23. Ra3 Rxa3 24. bxa3 Qxa4 25. h4 Bc3 26. Rf1 Bf6 27.
Qd5 Qg4 28. Qa5 Qc4 29. Bd2 Bc3 30. Bxc3 Qxc3 31. Qb5 Kg7 32. a4 Qc5 33. Qb2+
Qc3 34. Qb5 Qc5 35. Qb2+ e5 36. Rd1 Rc6 37. Qb7 Rc7 38. Qb3 Rc6 39. Qb7 Qc2 40.
Ra1 Qc3 41. Rb1 Qc5 42. Rb5 Rb6 43. Rxc5 Rxb7 44. Ra5 Kf6 45. e4 Ke6 46. f3 f5
47. Kf2 h5 48. Ke3 Rb3+ 49. Kf2 Rb2+ 50. Ke3 Rb3+ 51. Kf2 Rb2+ 52. Ke3 Rg2 53.
Rxa7 fxe4 54. fxe4 Rxg3+ 55. Kf2 Rg4 56. Kf3 Rxh4 57. Rg7 Kf6 58. Rd7 Rh3+ 59.
Kf2 Ra3 60. Rxd6+ Kg5 61. Ra6 h4 62. a5 0-1

[Event "4NCL/Div2/KHE vs. GUI2"]
[Site "Telford ENG"]
[Date "2003.01.19"]
[Round "4.8"]
[White "Yurenok, Maria S"]
[Black "Grigoryan, Meri"]
[Result "1/2-1/2"]
[WhiteElo "2103"]
[BlackElo "2023"]
[PlyCount "32"]
[EventDate "2003.01.19"]

1. d4 d5 2. Nf3 Nf6 3. Bg5 e6 4. e3 Be7 5. Nbd2 Nbd7 6. Bd3 c5 7. c4 cxd4 8.
exd4 b6 9. O-O Bb7 10. Ne5 O-O 11. f4 dxc4 12. Ndxc4 Nxe5 13. dxe5 Bc5+ 14. Kh1
Qd5 15. Qe2 Ne4 16. Rad1 Qc6 1/2-1/2

[Event "4NCL/Div2/WRO1 vs. WES1"]
[Site "Telford ENG"]
[Date "2003.03.08"]
[Round "5.1"]
[White "Dunnington, Angus J"]
[Black "Webb, Richard M"]
[Result "1/2-1/2"]
[WhiteElo "2388"]
[BlackElo "2372"]
[PlyCount "49"]
[EventDate "2003.03.08"]

1. Nf3 Nf6 2. g3 c5 3. Bg2 g6 4. b3 Bg7 5. Bb2 Nc6 6. c4 O-O 7. O-O d5 8. cxd5
Nxd5 9. Bxg7 Kxg7 10. d4 cxd4 11. Nxd4 Ndb4 12. Nxc6 Nxc6 13. Nc3 Bf5 14. Qc1
Rc8 15. Rd1 Qc7 16. Qe3 Qe5 17. Qxe5+ Nxe5 18. Rac1 h6 19. h3 f6 20. f4 Nf7 21.
Nb5 a5 22. g4 Rxc1 23. Rxc1 Bd7 24. Na7 Rd8 25. Kf2 1/2-1/2

[Event "4NCL/Div2/WRO1 vs. WES1"]
[Site "Telford ENG"]
[Date "2003.03.08"]
[Round "5.2"]
[White "Poulton, James"]
[Black "McFarland, Robert S"]
[Result "1/2-1/2"]
[WhiteElo "2375"]
[BlackElo "2292"]
[PlyCount "56"]
[EventDate "2003.03.08"]

1. d4 g6 2. e4 Bg7 3. Nc3 d6 4. Nf3 a6 5. a4 b6 6. Bd3 Bb7 7. O-O Nc6 8. Ne2
Nb4 9. Bc4 d5 10. exd5 Nxd5 11. Ng3 Ngf6 12. Bg5 h6 13. Bd2 O-O 14. Qc1 Kh7 15.
h4 h5 16. Bd3 e6 17. Ng5+ Kg8 18. Bxg6 fxg6 19. Nxe6 Qd7 20. Nxf8 Rxf8 21. f3
Qd6 22. Ne2 Kh7 23. c3 Ng8 24. Qe1 Nh6 25. Ng3 Nf6 26. Bg5 Re8 27. Qf2 Rf8 28.
Qe1 Re8 1/2-1/2

[Event "4NCL/Div2/WRO1 vs. WES1"]
[Site "Telford ENG"]
[Date "2003.03.08"]
[Round "5.3"]
[White "Gayson, Peter M"]
[Black "Yeo, Michael J"]
[Result "1/2-1/2"]
[WhiteElo "2257"]
[BlackElo "2251"]
[PlyCount "43"]
[EventDate "2003.03.08"]

1. e4 e5 2. Nf3 Nc6 3. d4 exd4 4. Bc4 Nf6 5. O-O Bc5 6. e5 Ng4 7. Bf4 d6 8.
exd6 Bxd6 9. Re1+ Kf8 10. Bxd6+ Qxd6 11. h3 Nf6 12. c3 Bf5 13. cxd4 Rd8 14. Nc3
Nxd4 15. Nxd4 Qxd4 16. Qb3 Qb6 17. Qa3+ c5 18. Re5 g6 19. Rxc5 Kg7 20. Rb5 Qc7
21. Qb3 b6 22. Nd5 1/2-1/2

[Event "4NCL/Div2/WRO1 vs. WES1"]
[Site "Telford ENG"]
[Date "2003.03.08"]
[Round "5.4"]
[White "Corkett, Anthony R"]
[Black "Gourlay, Iain"]
[Result "0-1"]
[WhiteElo "2313"]
[BlackElo "2257"]
[PlyCount "130"]
[EventDate "2003.03.08"]

1. e4 c5 2. Nf3 e6 3. c3 Nf6 4. e5 Nd5 5. Bc4 Nb6 6. Bb3 c4 7. Bc2 d6 8. d4
cxd3 9. Qxd3 Nc6 10. exd6 Qxd6 11. Qe2 Be7 12. Nbd2 f5 13. Nc4 Nxc4 14. Qxc4
Bd7 15. O-O e5 16. Rd1 Qc7 17. Bg5 e4 18. Bxe7 Kxe7 19. Ng5 Raf8 20. Bb3 Rf6
21. Nf7 Be6 22. Qc5+ Kxf7 23. Bxe6+ Kxe6 24. b4 Rc8 25. b5 Ne7 26. Qxa7 Kf7 27.
Rac1 Qb6 28. Qa4 Rd8 29. Qb3+ Kf8 30. Rxd8+ Qxd8 31. c4 b6 32. c5 bxc5 33. Rxc5
Qd4 34. Rc1 Rd6 35. a4 Qb6 36. h3 Rd2 37. Rf1 Nd5 38. Qc4 Rd4 39. Qc8+ Ke7 40.
Qxf5 Qf6 41. Qxh7 Rxa4 42. Qg8 Nc3 43. Qb3 e3 44. Qb2 e2 45. Re1 Qd4 46. b6 Rb4
47. Qa3 Kf6 48. h4 Rxb6 49. Qf8+ Kg6 50. Qe8+ Kh7 51. Qh5+ Rh6 52. Qf5+ g6 53.
Qf7+ Qg7 54. Qf4 Rh5 55. g3 Rd5 56. h5 gxh5 57. Kg2 Rd1 58. Rxe2 Nxe2 59. Qe4+
Kh6 60. Qxe2 Rd7 61. Qe6+ Kh7 62. Qf5+ Kg8 63. Qxh5 Rd8 64. Qf5 Qb7+ 65. Kf1
Qh1+ 0-1

[Event "4NCL/Div2/WRO1 vs. WES1"]
[Site "Telford ENG"]
[Date "2003.03.08"]
[Round "5.5"]
[White "Thurlow, Kevin J"]
[Black "Simons, Martin J"]
[Result "0-1"]
[WhiteElo "2203"]
[BlackElo "2262"]
[PlyCount "52"]
[EventDate "2003.03.08"]

1. Nf3 Nc6 2. e4 d5 3. exd5 Qxd5 4. Nc3 Qa5 5. d4 Bg4 6. Be2 O-O-O 7. Be3 Nf6
8. O-O e5 9. d5 Nxd5 10. Nxd5 Rxd5 11. Qe1 Qxe1 12. Raxe1 f6 13. h3 Bf5 14. Bc4
Rd8 15. Rc1 Nd4 16. Nh4 Be6 17. Bd3 e4 18. Bxe4 Ne2+ 19. Kh1 Nxc1 20. Rxc1 Bd5
21. Bf5+ Kb8 22. c4 Bc6 23. Bc2 g6 24. Kh2 Bb4 25. Rf1 Bd2 26. Bc5 Rhe8 0-1

[Event "4NCL/Div2/WRO1 vs. WES1"]
[Site "Telford ENG"]
[Date "2003.03.08"]
[Round "5.6"]
[White "Upton, Ian J"]
[Black "Burnett, Jim"]
[Result "1-0"]
[WhiteElo "2224"]
[BlackElo "2187"]
[PlyCount "45"]
[EventDate "2003.03.08"]

1. d4 d5 2. c4 e6 3. Nc3 c6 4. e3 Nf6 5. Nf3 Nbd7 6. Bd2 b6 7. Qc2 Bb7 8. O-O-O
Be7 9. Rg1 c5 10. cxd5 exd5 11. Kb1 O-O 12. g4 Rc8 13. Be1 cxd4 14. exd4 a6 15.
Qb3 Nb8 16. Ne5 b5 17. Bd3 Nc6 18. Bf5 Rc7 19. g5 Na5 20. gxf6 Nxb3 21. Rxg7+
Kh8 22. Rxh7+ Kg8 23. Ng4 1-0

[Event "4NCL/Div2/WRO1 vs. WES1"]
[Site "Telford ENG"]
[Date "2003.03.08"]
[Round "5.7"]
[White "Barrett, Steve J"]
[Black "Neil, David R"]
[Result "1-0"]
[WhiteElo "2140"]
[BlackElo "2204"]
[PlyCount "61"]
[EventDate "2003.03.08"]

1. d4 Nf6 2. c4 g6 3. Nc3 Bg7 4. Bg5 h6 5. Bh4 d6 6. Nf3 O-O 7. e3 b6 8. Be2 c5
9. h3 Nbd7 10. O-O Bb7 11. d5 a6 12. a4 Qc7 13. Qc2 Ne5 14. Nd2 g5 15. Bg3 Ng6
16. f4 Bc8 17. Bd3 g4 18. hxg4 Nxg4 19. Rae1 f5 20. Kh1 e6 21. dxe6 Bxe6 22. e4
Qf7 23. exf5 Ne7 24. Rxe6 Qh5+ 25. Kg1 Bd4+ 26. Rf2 Bxf2+ 27. Bxf2 Qh2+ 28. Kf1
Qxf4 29. Nf3 Nxf5 30. Bxf5 Rxf5 31. Nd5 1-0

[Event "4NCL/Div2/WRO1 vs. WES1"]
[Site "Telford ENG"]
[Date "2003.03.08"]
[Round "5.8"]
[White "Khoo, Teresa"]
[Black "Keeling, Karen"]
[Result "1/2-1/2"]
[WhiteElo "2108"]
[BlackElo "1971"]
[PlyCount "43"]
[EventDate "2003.03.08"]

1. e4 c6 2. d4 d5 3. Nc3 dxe4 4. Nxe4 Bf5 5. Ng3 Bg6 6. N1e2 Nf6 7. Nf4 e5 8.
Nxg6 hxg6 9. Be3 Nbd7 10. dxe5 Qa5+ 11. Qd2 Qxd2+ 12. Bxd2 Nxe5 13. O-O-O O-O-O
14. f3 Bc5 15. Be2 Rhe8 16. Bg5 Rxd1+ 17. Rxd1 Nd5 18. Ne4 Be7 19. Bd2 f5 20.
Nc3 Nb6 21. Bf4 Bf6 22. Be3 1/2-1/2

[Event "4NCL/Div2/WWKS vs. ATH1"]
[Site "Telford ENG"]
[Date "2003.03.08"]
[Round "5.1"]
[White "Mason, Don"]
[Black "Van de Grient, Jan W"]
[Result "1/2-1/2"]
[WhiteElo "2256"]
[BlackElo "2365"]
[PlyCount "61"]
[EventDate "2003.03.08"]

1. e4 e6 2. d4 d5 3. Nd2 Be7 4. Ngf3 Nf6 5. Bd3 c5 6. c3 Nc6 7. O-O dxe4 8.
Nxe4 cxd4 9. cxd4 Nxe4 10. Bxe4 Bf6 11. Be3 O-O 12. Rc1 Nb4 13. Bb1 b6 14. a3
Nd5 15. Qd3 g6 16. Bh6 Bg7 17. Bxg7 Kxg7 18. Qe2 Bb7 19. Qe5+ Qf6 20. Be4 Rac8
21. Kh1 Ba6 22. Rfe1 Rxc1 23. Rxc1 Rd8 24. Bxd5 Rxd5 25. Qxf6+ Kxf6 26. Rc7 Be2
27. Rxa7 Bxf3 28. gxf3 Rxd4 29. Rb7 Rd6 30. f4 h6 31. Kg2 1/2-1/2

[Event "4NCL/Div2/WWKS vs. ATH1"]
[Site "Telford ENG"]
[Date "2003.03.08"]
[Round "5.2"]
[White "Wade, Robert G"]
[Black "Hynes, Anthony"]
[Result "1/2-1/2"]
[WhiteElo "2213"]
[BlackElo "2216"]
[PlyCount "66"]
[EventDate "2003.03.08"]

1. d4 d5 2. Nc3 Nf6 3. Bg5 Nbd7 4. e3 h6 5. Bh4 e6 6. f4 c5 7. Nf3 Qa5 8. Bxf6
Nxf6 9. Bb5+ Bd7 10. Bxd7+ Nxd7 11. O-O Bd6 12. Ne5 Nf6 13. Qe2 a6 14. f5 exf5
15. Rxf5 Qc7 16. Raf1 cxd4 17. exd4 O-O-O 18. Qf3 Rhe8 19. Ng4 Qb6 20. Nxf6
Qxd4+ 21. Kh1 gxf6 22. Nxd5 Qxb2 23. Rxf6 Qe5 24. Qh3+ Kb8 25. R6f5 Qe6 26. Qf3
Qe4 27. Rxf7 Qxf3 28. R7xf3 Re2 29. R3f2 Rde8 30. g3 Bc5 31. Rxe2 Rxe2 32. Nf6
Kc7 33. Rf5 Rxc2 1/2-1/2

[Event "4NCL/Div2/WWKS vs. ATH1"]
[Site "Telford ENG"]
[Date "2003.03.08"]
[Round "5.3"]
[White "Thomas, Nicholas"]
[Black "Spivack, Simon"]
[Result "1/2-1/2"]
[WhiteElo "2256"]
[BlackElo "2162"]
[PlyCount "96"]
[EventDate "2003.03.08"]

1. e4 e5 2. Nf3 Nc6 3. d4 exd4 4. Bc4 Nf6 5. O-O Nxe4 6. Re1 d5 7. Bxd5 Qxd5 8.
Nc3 Qa5 9. Nxe4 Be6 10. Neg5 O-O-O 11. Nxe6 fxe6 12. Rxe6 Bd6 13. Bg5 Rde8 14.
Qe1 Qxe1+ 15. Raxe1 Kd7 16. Rxe8 Rxe8 17. Rxe8 Kxe8 18. Kf1 Kd7 19. Bd2 Ke6 20.
Ng5+ Kf5 21. Nxh7 Be7 22. f4 Bb4 23. c3 Bd6 24. Ng5 dxc3 25. bxc3 Bxf4 26. Bxf4
Kxf4 27. Ne6+ Ke3 28. Nxg7 Kd3 29. h4 Ne5 30. Ne6 Kxc3 31. Nxc7 a5 32. Ke2 Kb2
33. Ke3 Kxa2 34. Kd4 Ng4 35. Kc3 Ne3 36. h5 Nxg2 37. h6 Nf4 38. h7 Ng6 39. Nb5
b6 40. Nd6 Ka3 41. Nb5+ Ka4 42. Kc4 Ne5+ 43. Kd5 Ng6 44. Kc6 Kb4 45. Kxb6 a4
46. Kc6 Kc4 47. Na3+ Kb3 48. Nb5 Kc4 1/2-1/2

[Event "4NCL/Div2/WWKS vs. ATH1"]
[Site "Telford ENG"]
[Date "2003.03.08"]
[Round "5.4"]
[White "Stevenson, James AB"]
[Black "Wu, Li"]
[Result "0-1"]
[WhiteElo "2124"]
[BlackElo "2166"]
[PlyCount "102"]
[EventDate "2003.03.08"]

1. e4 c5 2. Nc3 Nc6 3. f4 g6 4. Nf3 Bg7 5. Bb5 Nd4 6. Nxd4 cxd4 7. Ne2 Qb6 8.
Bd3 d6 9. c3 dxc3 10. bxc3 Nf6 11. Rb1 Qc7 12. h3 Bd7 13. Nd4 a6 14. O-O e5 15.
Nc2 exf4 16. Rxf4 O-O 17. Qf1 Nh5 18. Rf3 b5 19. g4 Qc5+ 20. Kh1 f5 21. gxh5
fxe4 22. Bxe4 Rxf3 23. Qxf3 Rf8 24. d4 Rxf3 25. dxc5 Rxh3+ 26. Kg2 dxc5 27. Be3
Rxh5 28. Rd1 Be6 29. Rd6 Re5 30. Rxe6 Rxe6 31. Bd5 Kf7 32. c4 bxc4 33. Bxc4 Bf8
34. Kf3 Kf6 35. Bg5+ Ke5 36. Bf4+ Kf6 37. Bg5+ Kf7 38. Ne3 h6 39. Bf4 Ke7 40.
Bxe6 Kxe6 41. Ke4 g5 42. Be5 h5 43. Nd5 Bd6 44. Nc7+ Bxc7 45. Bxc7 h4 46. a4 g4
47. Bd8 h3 48. Bc7 c4 49. Kd4 Kf5 50. a5 c3 51. Kxc3 Ke4 0-1

[Event "4NCL/Div2/WWKS vs. ATH1"]
[Site "Telford ENG"]
[Date "2003.03.08"]
[Round "5.5"]
[White "Pitcher, John"]
[Black "McKeown, Paul"]
[Result "0-1"]
[WhiteElo "2130"]
[BlackElo "2043"]
[PlyCount "88"]
[EventDate "2003.03.08"]

1. e4 Nf6 2. e5 Nd5 3. c4 Nb6 4. d4 d6 5. exd6 cxd6 6. Nc3 g6 7. Be3 Bg7 8. Rc1
O-O 9. b3 Bd7 10. g3 e5 11. d5 f5 12. Bg2 Qe8 13. Nge2 f4 14. Bxb6 axb6 15. Be4
Na6 16. f3 Nc5 17. g4 Qe7 18. O-O Qh4 19. Qe1 Qh3 20. Rc2 h5 21. gxh5 Qxh5 22.
b4 Nxe4 23. Nxe4 Bh3 24. Rf2 Bf6 25. Nxf6+ Rxf6 26. Nc3 g5 27. c5 Rg6 28. cxd6
g4 29. fxg4 Qxg4+ 30. Kh1 Kh7 31. Ne4 Rag8 32. Rc7+ Kh6 33. Ng3 fxg3 34. Qe3+
Qg5 35. Qxg3 Qxg3 36. hxg3 Rxd6 37. Rff7 Kg6 38. Rxb7 Bf5 39. Rfe7 Be4+ 40. Kg1
Bxd5 41. Rbd7 Rxd7 42. Rxd7 Bxa2 43. Rd6+ Kf5 44. Rxb6 Rxg3+ 0-1

[Event "4NCL/Div2/WWKS vs. ATH1"]
[Site "Telford ENG"]
[Date "2003.03.08"]
[Round "5.6"]
[White "Gruettner, Ralf"]
[Black "Shephard, Chris CW"]
[Result "1/2-1/2"]
[WhiteElo "2053"]
[BlackElo "2200"]
[PlyCount "68"]
[EventDate "2003.03.08"]

1. d4 Nf6 2. c4 c5 3. d5 e5 4. Nc3 d6 5. e4 g6 6. Be2 a6 7. Be3 Bg7 8. f3 Nh5
9. g3 O-O 10. Qd2 f5 11. exf5 gxf5 12. Bh6 Nd7 13. Nh3 Qe8 14. Bxg7 Nxg7 15.
Ng5 Nf6 16. O-O-O Bd7 17. g4 Qe7 18. Ne6 Bxe6 19. dxe6 Nxe6 20. Qxd6 Qxd6 21.
Rxd6 Nd4 22. Bd3 Rad8 23. Rxd8 Rxd8 24. Bxf5 Nxf5 25. gxf5 Rd4 26. Re1 Rxc4 27.
Rxe5 Kf7 28. Kd2 Rh4 29. Re2 Rf4 30. Ne4 b6 31. Ke3 Rh4 32. Rd2 Ke7 33. Ng3 Rb4
34. Ne4 Ra4 1/2-1/2

[Event "4NCL/Div2/WWKS vs. ATH1"]
[Site "Telford ENG"]
[Date "2003.03.08"]
[Round "5.7"]
[White "Hunt, Malcolm A"]
[Black "Milligan, Helen"]
[Result "1-0"]
[WhiteElo "1960"]
[BlackElo "2111"]
[PlyCount "41"]
[EventDate "2003.03.08"]

1. d4 Nf6 2. Nf3 e6 3. Bg5 c5 4. c3 b6 5. e3 Bb7 6. Bd3 Be7 7. Nbd2 h6 8. Bh4
O-O 9. O-O d6 10. Qe2 Nc6 11. Rad1 Qc7 12. Rfe1 Rfe8 13. e4 cxd4 14. cxd4 Rac8
15. e5 Nd5 16. Qe4 g6 17. Bxe7 Ncxe7 18. Qh4 Kg7 19. exd6 Qxd6 20. Ne5 Nf6 21.
Qxh6+ 1-0

[Event "4NCL/Div2/WWKS vs. ATH1"]
[Site "Telford ENG"]
[Date "2003.03.08"]
[Round "5.8"]
[White "Fulton, Anthony R"]
[Black "Chevannes, Sabrina"]
[Result "1-0"]
[WhiteElo "2088"]
[BlackElo "1972"]
[PlyCount "125"]
[EventDate "2003.03.08"]

1. Nf3 Nf6 2. c4 c6 3. b3 d5 4. Bb2 e6 5. g3 Bd6 6. Bg2 Nbd7 7. O-O e5 8. cxd5
Nxd5 9. e4 Ne7 10. d4 Qc7 11. Nc3 exd4 12. Nxd4 Bc5 13. Na4 O-O 14. Nxc5 Nxc5
15. Qc2 Ne6 16. Nf5 f6 17. Ba3 c5 18. Rfd1 Rb8 19. Rac1 b6 20. b4 Rd8 21. Nxe7+
Qxe7 22. Rxd8+ Qxd8 23. bxc5 bxc5 24. Bxc5 Qc7 25. Bf1 Bd7 26. Be3 Qa5 27. Qd3
Rd8 28. Qd6 Nf8 29. Bc4+ Kh8 30. Qe7 Ng6 31. Qf7 Ne5 32. Qd5 Nxc4 33. Qxc4 Bh3
34. f3 Qa3 35. Kf2 Qb2+ 36. Qc2 Qb5 37. g4 h5 38. gxh5 Qxh5 39. Qc7 Rg8 40. Rc5
Qh7 41. Qa5 Qh4+ 42. Kg1 g6 43. Qc3 Rb8 44. Qd2 g5 45. Bf2 Qh5 46. Qd3 Rb7 47.
Bd4 Qg6 48. Rc6 Rf7 49. Qc3 Kg7 50. Kf2 Qh6 51. Rc7 Qh4+ 52. Kg1 Qf4 53. Rxf7+
Kxf7 54. Bxa7 g4 55. Qe3 Qd6 56. f4 Qd1+ 57. Kf2 Qf1+ 58. Kg3 Qg2+ 59. Kh4 Qxh2
60. Qb3+ Kg7 61. Qb7+ Kg6 62. f5+ Kh6 63. Be3+ 1-0

[Event "4NCL/Div2/PPA1 vs. AD2"]
[Site "Telford ENG"]
[Date "2003.03.08"]
[Round "5.1"]
[White "Swanson, Stephen"]
[Black "Lyell, Mark"]
[Result "0-1"]
[WhiteElo "2291"]
[BlackElo "2242"]
[PlyCount "118"]
[EventDate "2003.03.08"]

1. e4 e5 2. Nc3 Nc6 3. Bc4 Bb4 4. Nge2 Nf6 5. d3 Na5 6. O-O Nxc4 7. dxc4 h6 8.
Qd3 d6 9. a3 Bxc3 10. Nxc3 Be6 11. b3 Nh5 12. g3 Qd7 13. f3 O-O 14. g4 Nf6 15.
Rf2 c6 16. Be3 d5 17. cxd5 cxd5 18. exd5 Nxd5 19. Rd1 Nxe3 20. Qxe3 Qc7 21. Nb5
Qa5 22. a4 Rfd8 23. Rfd2 Rxd2 24. Qxd2 Qb6+ 25. Kg2 e4 26. Qd4 exf3+ 27. Kxf3
Qc6+ 28. Kg3 Qxc2 29. Qd3 Bxb3 30. Qxc2 Bxc2 31. Rd4 a6 32. Nd6 Rd8 33. a5 Kf8
34. Rd2 Ke7 35. Re2+ Kxd6 36. Rxc2 Rd7 37. Kf4 Rc7 38. Rb2 Rc4+ 39. Kf3 Kc7 40.
Re2 Kd6 41. h4 h5 42. Rd2+ Kc6 43. gxh5 Rxh4 44. Rc2+ Kd6 45. Rb2 Kc7 46. Rc2+
Kb8 47. Rc5 Rb4 48. Rg5 Rb5 49. Rxg7 Rxh5 50. Rxf7 Rxa5 51. Ke4 Rc5 52. Kd4 Rc7
53. Rf6 Ka7 54. Kd5 a5 55. Rh6 b6 56. Kd4 Ka6 57. Rh5 a4 58. Rh6 Ka5 59. Rh8 b5
0-1

[Event "4NCL/Div2/PPA1 vs. AD2"]
[Site "Telford ENG"]
[Date "2003.03.08"]
[Round "5.2"]
[White "Anderton, David W"]
[Black "Posazhennikov, Alex"]
[Result "1-0"]
[WhiteElo "2257"]
[BlackElo "2262"]
[PlyCount "55"]
[EventDate "2003.03.08"]

1. d4 d5 2. c4 dxc4 3. e3 e6 4. Bxc4 c5 5. Nf3 Nf6 6. O-O Nc6 7. Nc3 a6 8. Bb3
Be7 9. Re1 O-O 10. a3 b5 11. Bc2 Qb6 12. dxc5 Qxc5 13. e4 Rd8 14. Qe2 e5 15.
Be3 Nd4 16. Bxd4 exd4 17. e5 dxc3 18. exf6 Bxf6 19. b4 Qf8 20. Qe4 g6 21. Qxa8
Bf5 22. Qxa6 Rd6 23. Qxb5 Bxc2 24. Re8 Rd1+ 25. Rxd1 Bxd1 26. Rxf8+ Kxf8 27.
Ne1 Kg7 28. Qc6 1-0

[Event "4NCL/Div2/PPA1 vs. AD2"]
[Site "Telford ENG"]
[Date "2003.03.08"]
[Round "5.3"]
[White "Harley, Andrew"]
[Black "Wheeler, Darren P"]
[Result "1-0"]
[WhiteElo "2260"]
[BlackElo "2210"]
[PlyCount "49"]
[EventDate "2003.03.08"]

1. e4 e6 2. d4 d5 3. Nc3 Bb4 4. e5 c5 5. a3 Bxc3+ 6. bxc3 Ne7 7. Qg4 Qc7 8.
Qxg7 Rg8 9. Qxh7 cxd4 10. Ne2 Nbc6 11. f4 Bd7 12. Qd3 dxc3 13. h4 O-O-O 14. Rb1
d4 15. h5 Nf5 16. Rg1 Nh6 17. Nxd4 Nxd4 18. Qxd4 Bb5 19. Qxa7 Bxf1 20. Rxf1 Qc6
21. Rf3 Kd7 22. Rd3+ Ke8 23. Rxd8+ Kxd8 24. Rxb7 Qe4+ 25. Be3 1-0

[Event "4NCL/Div2/PPA1 vs. AD2"]
[Site "Telford ENG"]
[Date "2003.03.08"]
[Round "5.4"]
[White "Mangwengwende, John"]
[Black "Moore, Gerald"]
[Result "1/2-1/2"]
[WhiteElo "2163"]
[BlackElo "2238"]
[PlyCount "115"]
[EventDate "2003.03.08"]

1. e4 c5 2. Nf3 Nc6 3. d4 cxd4 4. Nxd4 g6 5. c4 Bg7 6. Be3 Nf6 7. Nc3 Ng4 8.
Qxg4 Nxd4 9. Qd1 Ne6 10. Qd2 Qa5 11. Rc1 b6 12. Bh6 Bxh6 13. Qxh6 Bb7 14. Qd2
Qe5 15. Bd3 f5 16. O-O f4 17. Be2 h5 18. Rfd1 d6 19. b4 Rd8 20. f3 g5 21. Nb5
a6 22. Nd4 Qxd4+ 23. Qxd4 Nxd4 24. Rxd4 e5 25. Rd2 Ke7 26. a4 a5 27. bxa5 bxa5
28. c5 Bc6 29. Bb5 Bxb5 30. axb5 dxc5 31. Rxd8 Rxd8 32. Rxc5 Rd1+ 33. Kf2 Rd2+
34. Kf1 a4 35. Rxe5+ Kd6 36. Rxg5 a3 37. Rg8 a2 38. Rd8+ Kc5 39. Rxd2 a1=Q+ 40.
Kf2 Kxb5 41. g3 fxg3+ 42. hxg3 Qh1 43. Rd5+ Kc4 44. Ke3 Qh2 45. Rg5 Kc3 46.
Rc5+ Kb3 47. Rg5 Kc4 48. Rd5 Kc3 49. Rc5+ Kb3 50. Rg5 Kc2 51. Rd5 Qxg3 52. Rxh5
Qg1+ 53. Kf4 Kd3 54. Rd5+ Ke2 55. Rf5 Qe3+ 56. Ke5 Qc5+ 57. Kf6 Qd6+ 58. Kg5
1/2-1/2

[Event "4NCL/Div2/PPA1 vs. AD2"]
[Site "Telford ENG"]
[Date "2003.03.08"]
[Round "5.5"]
[White "Rosen, Daniel B"]
[Black "Gunter, David WW"]
[Result "1-0"]
[WhiteElo "2201"]
[BlackElo "2133"]
[PlyCount "83"]
[EventDate "2003.03.08"]

1. e4 e6 2. d4 d5 3. Nc3 Nf6 4. Bg5 Be7 5. e5 Ne4 6. Nxe4 Bxg5 7. Nxg5 Qxg5 8.
Nf3 Qe7 9. c3 c5 10. dxc5 Qxc5 11. Qd4 Qxd4 12. Nxd4 Bd7 13. Be2 Nc6 14. f4
Nxd4 15. cxd4 Rc8 16. Kd2 Ke7 17. Rac1 a6 18. Rxc8 Rxc8 19. Rc1 Rxc1 20. Kxc1
f5 21. Kd2 Be8 22. Kc3 Kd7 23. Kb4 Kc7 24. a4 Kb6 25. a5+ Kc6 26. Bd1 Kc7 27.
Kc5 Bf7 28. g4 g6 29. g5 Be8 30. h4 Bc6 31. h5 Be8 32. h6 Bb5 33. Bf3 Bc6 34.
Bg2 Ba4 35. Bf3 Bc6 36. Bd1 Bb5 37. Bc2 Bd7 38. Bxf5 exf5 39. Kxd5 Kd8 40. e6
Ba4 41. Kd6 Bb3 42. d5 1-0

[Event "4NCL/Div2/PPA1 vs. AD2"]
[Site "Telford ENG"]
[Date "2003.03.08"]
[Round "5.6"]
[White "Beveridge, Nigel"]
[Black "Byway, Paul"]
[Result "0-1"]
[WhiteElo "2022"]
[BlackElo "2188"]
[PlyCount "100"]
[EventDate "2003.03.08"]

1. Nf3 c5 2. b3 Nf6 3. Bb2 e6 4. e3 b6 5. Be2 Bb7 6. O-O Be7 7. c4 O-O 8. d4 d6
9. Nc3 Nbd7 10. Qc2 a6 11. Rac1 Qc7 12. Rfd1 Rfe8 13. d5 exd5 14. Nxd5 Nxd5 15.
cxd5 Bf6 16. Nd4 Bxd5 17. Bd3 g6 18. e4 Bb7 19. f4 Bg7 20. Re1 Qd8 21. Nf3 Bxb2
22. Qxb2 Qf6 23. Qd2 Rad8 24. Re2 Nf8 25. Rf1 Ne6 26. g3 Nd4 27. Nxd4 Qxd4+ 28.
Qe3 Qxe3+ 29. Rxe3 f5 30. Rfe1 fxe4 31. Bxe4 Bxe4 32. Rxe4 Kf7 33. Kf2 Rxe4 34.
Rxe4 Re8 35. Rc4 d5 36. Rc2 Re4 37. Kf3 Ke6 38. g4 Kd6 39. Rd2 b5 40. h4 c4 41.
bxc4 bxc4 42. Rc2 Re1 43. h5 gxh5 44. gxh5 Kc5 45. Rg2 c3 46. Rg7 Re6 47. f5
Rc6 48. Ke3 Kb4 49. Rg6 hxg6 50. fxg6 c2 0-1

[Event "4NCL/Div2/PPA1 vs. AD2"]
[Site "Telford ENG"]
[Date "2003.03.08"]
[Round "5.7"]
[White "Winfridsson, Håkan"]
[Black "Kreuzer, Christopher"]
[Result "1-0"]
[WhiteElo "2164"]
[BlackElo "1792"]
[PlyCount "117"]
[EventDate "2003.03.08"]

1. e4 c5 2. Nf3 d6 3. d4 cxd4 4. Nxd4 Nf6 5. Nc3 a6 6. f3 e5 7. Nb3 Be6 8. Be3
d5 9. exd5 Nxd5 10. Nxd5 Qxd5 11. Qxd5 Bxd5 12. O-O-O Bxb3 13. axb3 Nd7 14. Bc4
Nf6 15. Rhe1 b5 16. Bd3 Be7 17. Bf2 Nd7 18. Bf5 Rd8 19. Bxd7+ Rxd7 20. Rxe5
Rxd1+ 21. Kxd1 Kd7 22. Bg3 Rc8 23. c3 g6 24. Kc2 Rc6 25. Rd5+ Ke6 26. Rd1 f5
27. Re1+ Kf7 28. Be5 Bd6 29. f4 Bxe5 30. Rxe5 Kf6 31. Rd5 h6 32. Kd3 Ke6 33.
Kd4 Rc7 34. c4 bxc4 35. bxc4 Rb7 36. Kc3 Rc7 37. b4 Rc8 38. Ra5 Rc6 39. Kd4
Rd6+ 40. Rd5 Rc6 41. Re5+ Kd7 42. c5 Rf6 43. Kd5 g5 44. c6+ Rxc6 45. Re7+ Kxe7
46. Kxc6 gxf4 47. Kb6 Kf6 48. Kxa6 Kg5 49. b5 Kg4 50. b6 f3 51. gxf3+ Kxf3 52.
b7 h5 53. b8=Q f4 54. Qe5 h4 55. Qe1 Kg4 56. Qf2 f3 57. Kb5 Kh3 58. Kc4 Kg4 59.
Kd4 1-0

[Event "4NCL/Div2/PPA1 vs. AD2"]
[Site "Telford ENG"]
[Date "2003.03.08"]
[Round "5.8"]
[White "McIntosh, Doreen"]
[Black "Aarons, Poppy J"]
[Result "1-0"]
[WhiteElo "1344"]
[BlackElo "1560"]
[PlyCount "65"]
[EventDate "2003.03.08"]

1. d4 e6 2. c4 Nf6 3. Nc3 Bb4 4. Nf3 d5 5. cxd5 exd5 6. e3 O-O 7. Be2 Ne4 8.
Bd2 Qe7 9. O-O c6 10. Rc1 f5 11. Ne5 Bd6 12. f4 Nd7 13. Nxe4 fxe4 14. Bc3 Nb6
15. b3 Bxe5 16. dxe5 Be6 17. Bd4 Qd7 18. Qe1 Bg4 19. Bxg4 Qxg4 20. Qf2 Qf5 21.
Qg3 Rf7 22. h3 Re8 23. Qf2 Qh5 24. Kh2 Qg6 25. g4 Ref8 26. f5 Qg5 27. e6 Rc7
28. Be5 Rcc8 29. Qg3 Rcd8 30. Rc3 Rfe8 31. h4 Qh6 32. g5 Qh5 33. Rf4 1-0